Duże koty - Statystyki

Ogólne statystyki
  • Ten quiz został rozwiązany 5 039 razy
  • Średni wynik to 7 z 9
Statystyki odpowiedzi
Maksymalna
waga
Wzór futra i inne informacje Kot % Poprawnych
250 kg zwykły; samiec ma dużą grzywę; głośno ryczy Lew
99%
305 kg czarne paski; głośno ryczy Tygrys
99%
72 kg czarne plamy; może biec z prędkością ponad 110 km/h Gepard
89%
95 kg małe skupiska czarnych plam; głośno ryczy Lampart
87%
30 kg spiczasty ogon, czubate uszy, długa kryza, czarne plamy Ryś euroazjatycki
80%
100 kg zwykły; żyje na skalistych obszarach Ameryki Puma
74%
23 kg duże, ciemne plamy o nieregularnym kształcie Pantera mglista
58%
160 kg skupiska czarnych plam; głośno ryczy; mieszka w Ameryce Jaguar
54%
55 kg jasnoszary z małymi skupiskami ciemnych plam Irbis
13%
Nie znaleziono quizów pasujących do podanych kryteriów
Rozkład punktacji
Procent ludzi z każdym wynikiem
Percentyl według liczby udzielonych odpowiedzi
Twoja historia wyników
Nie rozwiązałeś tego quizu